Statistics for Classic Literature Quiz

Click here to take the quiz!

General Stats

  • This quiz has been taken 229 times
  • The average score is 4 of 6

Answer Stats

HintAnswer% Correct
George Orwell's allegorical novellaAnimal Farm
88%
Hemingway's book about a person trying to catch a fishThe Old Man and the Sea
80%
Franz Kafka's novella about a man who has transformed into a giant insectThe Metamorphosis
77%
Considered as one of the hardest works of literature and written by James JoyceUlysses
74%
Fyodor Dostoevsky's largest bookBrothers Karamazov
37%
Mihail Bulgakov's magnum opusThe Master and Margarita
25%

Score Distribution

Percentile by Number Answered

Percent of People with Each Score

Your Score History

You have not taken this quiz